Daniela Grunow, convergence persistence, and diversity en male end female careers: does context matter in an era of globalization? A comparison of gendered eployment mobility patterns in West Germany and Denmark
Gespeichert in:
| Format: | Text |
|---|---|
| Tags: |
Tag hinzufügen
Keine Tags, Fügen Sie den ersten Tag hinzu!
|
MARC
| LEADER | 00000 a a2200000 04500 | ||
|---|---|---|---|
| 001 | 8846 | ||
| 003 | |||
| 040 | |||
| 245 | |a Daniela Grunow, convergence persistence, and diversity en male end female careers: does context matter in an era of globalization? A comparison of gendered eployment mobility patterns in West Germany and Denmark | ||
| 773 | |g volumen 23, número 5; páginas 733-735 | ||
| 999 | |c 27315 |d 27315 | ||
